Générique de Pichi Pichi Pitch - Statistiques

Statistiques générales
  • Ce quiz a été pris 280 fois
  • Le résultat moyen est 99 sur 135
Statistiques - réponses
Paroles % Correct
de
91%
la
91%
a
88%
des
88%
du
85%
et
84%
84%
paradis,
84%
porte
84%
un
84%
Un
84%
Ouvre
83%
le
82%
moi !
82%
moi.
82%
mon
82%
Il
81%
mers !
81%
plein
81%
soleil
81%
toi
81%
toi.
81%
je
80%
Je
80%
pour
80%
magie,
79%
monde
79%
bien
78%
joie
78%
joie !
78%
joie,
78%
au-delà
77%
tu
77%
y
77%
d'aventures
75%
que
71%
Les
70%
univers
70%
Depuis,
69%
Depuis
69%
étrange,
69%
t'ai
69%
ne
68%
as
67%
plus
67%
coeur
66%
fois.
66%
première
66%
vu
65%
anges
63%
c'est
63%
es
63%
jour
63%
jour,
63%
sourires
63%
vis
63%
douce
61%
lumière,
61%
transformé
61%
lorsque
60%
Oui
60%
t'aime !
60%
vers
60%
d'amour !
59%
est
59%
leur
58%
venu
58%
jamais
57%
nous
55%
n'oublierai
54%
dans
51%
semblaient
48%
chaque
45%
d'histoires
45%
la-bàs,
45%
main
45%
partager !
45%
enchantées,
44%
t'emmène
43%
pourrons
42%
merveilleux
41%
t'éclairer
39%
qu'ensemble
34%
Donne-moi
27%
Aucun quiz correspondant
Distribution des résultats
% des personnes avec chaque résultat
Percentile par nombre de réponses
Votre historique - résultats
Vous n’avez pas pris ce quiz